Statystyki dla Słowa na litere P

Kliknij tutaj aby rozwiązać quiz!

Ogólne statystyki

  • Ten quiz został rozwiązany 81 razy
  • Średni wynik to 23 z 135

Statystyki odpowiedzi

Odpowiedź% Poprawnych
pan
61%
pies
61%
pani
57%
para
57%
piłka
57%
pas
55%
port
52%
papier
49%
palec
48%
paczka
43%
piwo
43%
paw
42%
pilot
41%
pot
39%
park
38%
piła
38%
policja
38%
ptak
36%
pomarańcza
33%
pasek
32%
pasta
32%
pierś
32%
parasol
30%
pomidor
30%
państwo
29%
post
29%
panda
28%
papuga
28%
pogoda
28%
pająk
26%
papieros
26%
puszka
25%
patyk
23%
pióro
23%
poczta
23%
poduszka
23%
portfel
23%
pralka
23%
paliwo
22%
pasztet
22%
patelnia
22%
policzek
22%
pszczoła
22%
pajac
20%
papryka
20%
piasek
20%
pudełko
20%
pacha
19%
pedał
19%
pustynia
19%
pamięć
17%
parówka
17%
pestka
17%
picie
17%
pudło
17%
pytanie
17%
paleta
16%
paznokieć
16%
pomnik
16%
pranie
16%
pamiątka
14%
pędzel
14%
puder
14%
pufa
14%
panika
13%
papaja
13%
parking
13%
piwnica
13%
podkład
13%
program
13%
październik
12%
piknik
12%
pilnik
12%
pupa
12%
pyza
12%
pacjent
10%
paletka
10%
partner
10%
pastor
10%
pech
10%
piórnik
10%
podkowa
10%
proszek
10%
punkt
10%
pasażer
9%
patrol
9%
peron
9%
pirania
9%
plakat
9%
plastelina
9%
płatek
9%
ponton
9%
pirat
7%
plaster
7%
podest
7%
prześcieradło
7%
pulpet
7%
pistacja
6%
podpaska
6%
pokrywa
6%
pokrywka
6%
pralnia
6%
pryszcz
6%
paszport
4%
pineska
4%
piszczel
4%
pokora
4%
projekt
4%
prostownica
4%
parodia
3%
partnerka
3%
patyczak
3%
peruka
3%
potok
3%
profil
3%
promień
3%
parkomat
1%
pasożyt
1%
podkolanówka
1%
pokusa
1%
pomieszczenie
1%
powietrze
1%
programista
1%
przecinek
1%
przedstawienie
1%
punktacja
1%
portmontka
0%
porucznik
0%
posterunek
0%
projektant
0%
przymierzalnia
0%
przypomnienie
0%
publiczność
0%

Rozkład punktacji

Percentyl według liczby udzielonych odpowiedzi

Procent ludzi z każdym wynikiem

Twoja historia wyników

Nie rozwiązałeś tego quizu